Elektronika półprzewodników : (Rekord nr 12244)
| 000 -ETYKIETA REKORDU | |
|---|---|
| podpole kontrolne o stałej długości | 01310nam a2200325 i 4500 |
| 001 - NUMER KONTROLNY REKORDU | |
| pole kontrolne | 12244 |
| 003 - IDENTYFIKATOR NUMERU KONTROLNEGO REKORDU | |
| podpole kontrolne | KOSZ 005 |
| 005 - DATA OSTATNIEJ MODYFIKACJI REKORDU | |
| podpole kontrolne | 20200630132826.0 |
| 008 - POLE O STAŁEJ DŁUGOŚCI - DANE KONTROLNE | |
| podpole kontrolne o stałej długości | 070620s1969 pl a f 100 0 pol |
| 015 ## - NUMER BIBLIOGRAFII NARODOWEJ | |
| Numer bibliografii narodowej | PB 1969/2019 |
| 040 ## - ŹRÓDŁO KATALOGOWANIA | |
| Instytucja, która sporządziła opis | WA N |
| Instytucja, która utworzyła rekord | KOSZ 005/RW |
| Instytucja, która dokonała modyfikacji | KOSZ 005/RW |
| 041 0# - KOD JĘZYKA | |
| Kod języka tekstu | pol |
| -- | eng |
| -- | ger |
| -- | ros |
| Kod języka streszczenia lub abstraktu | eng |
| 080 ## - UNIWERSALNA KLASYFIKACJA DZIESIĘTNA - UKD | |
| UKD | 621.38(061.3) |
| 111 2# - NAZWA IMPREZY | |
| Nazwa imprezy | Krajowe Sympozjum Elektroniki Półprzewodników |
| Oznaczenie części/sekcji/imprezy | (2 ; |
| Data imprezy | 1967 ; |
| Miejsce imprezy | Warszawa). |
| 245 10 - TYTUŁ/ODPOWIEDZIALNOŚĆ | |
| Tytuł | Elektronika półprzewodników : |
| Ciąg dalszy tytułu | materiały II krajowego sympozjum elektroniki półprzewodników, Warszawa marzec 1967 / |
| Pozostałe elementy strefy tytułu i oznaczenia odpowiedzialności | red. S. A. Ignatowicz. |
| 260 ## - STREFA ADRESU WYDAWNICZEGO | |
| Miejsce wydania | Warszawa : |
| Nazwa wydawcy/dystrybutora | Państwowe Wydawnictwo Naukowe, |
| Data publikacji, dystrybucji/powstania dokumentu | 1969. |
| 300 ## - STREFA OPISU FIZYCZNEGO | |
| Objętość | 579 s. : |
| Inne cechy fizyczne | il., err. ; |
| Rozmiary | 25 cm. |
| 380 ## - FORMA I TYP PUBLIKACJI | |
| Forma i typ publikacji | Książki. |
| 490 1# - STREFA SERII I DOKUMENTU WIELOCZĘŚCIOWEGO - FORMA NIE DO WYSZUKIWANIA | |
| Tytuł i oznaczenie odpowiedzialności serii | Biblioteka Elektroniki ; |
| Numeracja w obrębie serii | 8. |
| 504 ## - UWAGA DOTYCZĄCA BIBLIOGRAFII | |
| Informacje o bibliografii | Bibliogr. przy pracach. |
| 546 ## - UWAGA O JĘZYKU | |
| Uwaga o języku | Tekst częśc. ang., niem., ros. Streszcz. ang. |
| 650 #4 - HASŁO PRZEDMIOTOWE W FORMIE NAZWY OGÓLNEJ LUB JEDNOSTKOWEJ | |
| Nazwa ogólna lub geograficzna | Elektronika |
| 650 #4 - HASŁO PRZEDMIOTOWE W FORMIE NAZWY OGÓLNEJ LUB JEDNOSTKOWEJ | |
| Nazwa ogólna lub geograficzna | Półprzewodniki |
| 655 #4 - TERMIN INDEKSOWY - OKREŚLENIE RODZAJU/FORMY DOKUMENTU | |
| Określenie rodzaju/formy dokumentu | Materiały konferencyjne |
| 700 1# - HASŁO DODATKOWE - NAZWA OSOBOWA | |
| Nazwa osobowa | Ignatowicz, Stanisław Andrzej |
| Daty związane z nazwą | (1933-1993) |
| Określenie związku między hasłem a opisywanym materiałem | Redakcja |
| 710 2# - HASŁO DODATKOWE - NAZWA CIAŁA ZBIOROWEGO | |
| Nazwa ciała zbiorowego lub jednostki geograficznej | Państwowe Wydawnictwo Naukowe |
| Kod określenia powiązania | pbl. |
| 830 #0 - HASŁO DODATKOWE SERII LUB DOKUMENTU WIELOCZĘŚCIOWEGO - TYTUŁ UJEDNOLICONY | |
| Tytuł ujednolicony | Biblioteka Elektroniki, |
| Oznaczenie tomu | 8. |
| 856 ## - LOKALIZACJA I DOSTĘP DO ELEKTRONICZNYCH DOKUMENTÓW ZDALNYCH | |
| Link (URL) | http://koha.tu.koszalin.pl/cgi-bin/koha/opac-detail.pl?biblionumber=12244 |
| Tekst linku | Katalog online BPK |
| 942 ## - DODATKOWE ELEMENTY (KOHA) | |
| Schemat klasyfikacji | Uniwersalna Klasyfikacja Dziesiętna |
| Typ dokumentu | Książka |
| Wycofany | Status egzemplarza | Uszkodzony | Dostępność | Lokalizacja stała | Lokalizacja bieżąca | Miejsce przechowywania | Sygnatura | Kod kreskowy | Typ dokumentu |
|---|---|---|---|---|---|---|---|---|---|
| Dostępny | Biblioteka Politechniki Koszalińskiej | Biblioteka Politechniki Koszalińskiej | Wypożyczalnia BG | 6383 | 01375107 | Książka | |||
| Dostępny | Biblioteka Politechniki Koszalińskiej | Biblioteka Politechniki Koszalińskiej | Wypożyczalnia BG | 6686 | 01159257 | Książka | |||
| Dostępny | Biblioteka Politechniki Koszalińskiej | Biblioteka Politechniki Koszalińskiej | Wypożyczalnia BG | 19720 | 01308631 | Książka |
